| 000 | 01190cam a22003257a 4500 | ||
|---|---|---|---|
| 003 | CHAP | ||
| 005 | 20220329134522.0 | ||
| 008 | 971013s1945 r 00010 d | ||
| 010 | _a21508 | ||
| 011 | _a22480 | ||
| 035 | _a26575 | ||
| 040 | _cCHAP | ||
| 090 | _aTesis | ||
| 100 | 0 | 0 |
_aBosque Bobadilla, Raúl del. _913993 |
| 245 | 1 | 3 | _aLa herrumbe o tostado de los frutos cítricos causado por el Phyllocoptes oleivorus, ácaro que es concido tambien como el arador de la naranja en la región de Río Verde, S.L.P. |
| 260 |
_a(Chapingo, Méx.) : _bEl autor, _c(1945) |
||
| 300 | _as.p. | ||
| 502 | _aTesis (Ing. Agr. Esp. en Parasitología) -- ENA. Departamento de Parasitología Agrícola | ||
| 590 |
_aALEPH _b10 _c20130110 _lUCH01 _h1245 |
||
| 590 |
_aBATCH-UPD _b10 _c20130110 _lUCH01 _h2150 |
||
| 590 |
_aBATCH-UPD _b10 _c20130410 _lUCH01 _h1458 |
||
| 590 |
_aBATCH-UPD _b10 _c20130914 _lUCH01 _h2122 |
||
| 590 |
_aCONVERSION _b10 _c20130109 _lUCH01 _h1313 |
||
| 650 | 1 | 4 |
_aArador de la naranja. _96416 |
| 901 | _aBK | ||
| 942 | _cFOLL | ||
| 949 |
_bBC _cTES _d-61228 _eTS1 _i26575 _si |
||
| 949 |
_bBC _cTES _d-61229 _eTS2 _fc.2 _i26575 _si |
||
| 949 |
_bBC _cTES _d-61230 _eTS2 _fc.3 _i26575 _si |
||
| 999 |
_c21508 _d21508 |
||